<?xml version="1.0" encoding="UTF-8"?>
<record
    xmlns:xsi="http://www.w3.org/2001/XMLSchema-instance"
    xsi:schemaLocation="http://www.loc.gov/MARC21/slim http://www.loc.gov/standards/marcxml/schema/MARC21slim.xsd"
    xmlns="http://www.loc.gov/MARC21/slim">

  <leader>01829nam a2200313   4500</leader>
  <controlfield tag="001">31</controlfield>
  <controlfield tag="003">OSt</controlfield>
  <controlfield tag="005">20250528074009.0</controlfield>
  <controlfield tag="008">250121b        |||||||g |||| 00| 1 eng d</controlfield>
  <datafield tag="020" ind1=" " ind2=" ">
    <subfield code="a">8535904980</subfield>
  </datafield>
  <datafield tag="040" ind1=" " ind2=" ">
    <subfield code="b">por</subfield>
  </datafield>
  <datafield tag="041" ind1=" " ind2=" ">
    <subfield code="h">eng</subfield>
    <subfield code="a">por</subfield>
  </datafield>
  <datafield tag="082" ind1=" " ind2=" ">
    <subfield code="a">813</subfield>
    <subfield code="b">A934n</subfield>
  </datafield>
  <datafield tag="100" ind1="1" ind2=" ">
    <subfield code="a">Auster, Paul,</subfield>
    <subfield code="d">1947-2024</subfield>
    <subfield code="9">83</subfield>
  </datafield>
  <datafield tag="240" ind1=" " ind2=" ">
    <subfield code="a">Oracle Night</subfield>
  </datafield>
  <datafield tag="245" ind1=" " ind2=" ">
    <subfield code="a">Noite do Or&#xE1;culo /</subfield>
    <subfield code="c">Auster, Paul ; Tradu&#xE7;&#xE3;o de Jos&#xE9; Rubens Siqueira</subfield>
  </datafield>
  <datafield tag="260" ind1=" " ind2=" ">
    <subfield code="a">S&#xE3;o Paulo</subfield>
    <subfield code="b">Companhia das Letras</subfield>
    <subfield code="c">2004</subfield>
  </datafield>
  <datafield tag="300" ind1=" " ind2=" ">
    <subfield code="a">224 p.</subfield>
  </datafield>
  <datafield tag="520" ind1=" " ind2=" ">
    <subfield code="a">A descoberta de um caderno misterioso vira a vida de um homem de cabe&#xE7;a para baixo neste romance compulsivamente leg&#xED;vel de "um dos grandes escritores do nosso tempo" (San Francisco Chronicle).

V&#xE1;rios meses ap&#xF3;s sua recupera&#xE7;&#xE3;o de uma doen&#xE7;a quase fatal, o romancista Sidney Orr entra em uma papelaria no Brooklyn e compra um caderno azul. &#xC9; 18 de setembro de 1982 e, pelos pr&#xF3;ximos nove dias, Orr viver&#xE1; sob o feiti&#xE7;o deste livro em branco, preso dentro de um mundo de premoni&#xE7;&#xF5;es assustadoras e eventos desconcertantes que amea&#xE7;am destruir seu casamento e minar sua f&#xE9; na realidade.

O hipnotizante d&#xE9;cimo primeiro romance de Paul Auster parece uma hist&#xF3;ria de fantasmas &#xE0; moda antiga. Mas n&#xE3;o h&#xE1; fantasmas neste livro - apenas seres humanos de carne e osso, vagando pelos reinos assombrados da vida cotidiana. Oracle Night &#xE9; um tour de force narrativo que confirma a reputa&#xE7;&#xE3;o de Auster como um dos escritores mais ousados &#x200B;&#x200B;e originais em atividade na Am&#xE9;rica hoje.</subfield>
  </datafield>
  <datafield tag="650" ind1=" " ind2="0">
    <subfield code="a">Literatura Americana</subfield>
    <subfield code="9">84</subfield>
  </datafield>
  <datafield tag="650" ind1=" " ind2="0">
    <subfield code="a">Crime e Investiga&#xE7;&#xE3;o </subfield>
    <subfield code="9">13</subfield>
  </datafield>
  <datafield tag="650" ind1=" " ind2="0">
    <subfield code="a">Mist&#xE9;rio</subfield>
    <subfield code="9">42</subfield>
  </datafield>
  <datafield tag="650" ind1=" " ind2="0">
    <subfield code="a">Espanto</subfield>
    <subfield code="9">72</subfield>
  </datafield>
  <datafield tag="650" ind1=" " ind2="0">
    <subfield code="a">Psicol&#xF3;gico</subfield>
    <subfield code="9">85</subfield>
  </datafield>
  <datafield tag="655" ind1=" " ind2="0">
    <subfield code="a">Romance</subfield>
    <subfield code="9">23</subfield>
  </datafield>
  <datafield tag="655" ind1=" " ind2="0">
    <subfield code="a">Fic&#xE7;&#xE3;o </subfield>
    <subfield code="9">22</subfield>
  </datafield>
  <datafield tag="700" ind1=" " ind2=" ">
    <subfield code="a">Jos&#xE9; Rubens Siqueira</subfield>
    <subfield code="e">Tradutor</subfield>
    <subfield code="9">86</subfield>
  </datafield>
  <datafield tag="942" ind1=" " ind2=" ">
    <subfield code="2">ddc</subfield>
    <subfield code="n">0</subfield>
    <subfield code="c">BK</subfield>
  </datafield>
  <datafield tag="952" ind1=" " ind2=" ">
    <subfield code="0">0</subfield>
    <subfield code="1">0</subfield>
    <subfield code="2">ddc</subfield>
    <subfield code="4">0</subfield>
    <subfield code="7">0</subfield>
    <subfield code="8">FIC</subfield>
    <subfield code="a">BIBIB</subfield>
    <subfield code="b">BIBIB</subfield>
    <subfield code="c">LE</subfield>
    <subfield code="d">2019-04-04</subfield>
    <subfield code="e">doa&#xE7;&#xE3;o</subfield>
    <subfield code="l">0</subfield>
    <subfield code="o">813 / A934n</subfield>
    <subfield code="p">2025-16378</subfield>
    <subfield code="r">2025-01-20 08:34:18</subfield>
    <subfield code="w">2025-01-20</subfield>
    <subfield code="y">BK</subfield>
  </datafield>
  <datafield tag="999" ind1=" " ind2=" ">
    <subfield code="c">31</subfield>
    <subfield code="d">31</subfield>
  </datafield>
</record>
